Desarrollo económico

Salvato in:
Dettagli Bibliografici
Autore principale: Galbraith, John Kenneth (Autore)
Natura: Libro
Lingua:spagnolo
Pubblicazione: Barcelona Ariel 1972
Serie:Ariel Quincenal, 72
Soggetti:
Tags: Aggiungi Tag
Nessun Tag, puoi essere il primo ad aggiungerne!!

MARC

LEADER 00000nam a2200000 a 4500
001 UCQ1233
003 CL-VaPUC
008 980709e19720000SP |||||||||||||||||spa|d
082 0 4 |a 338.9  |b GAL  |2 21 
100 |a Galbraith, John Kenneth  |e author  |9 591930 
245 1 0 |a Desarrollo económico 
300 |a 168 p 
942 |c BK 
945 |d 19980709 00:00:00  |a crobeson 
260 |a Barcelona  |b Ariel  |c 1972 
650 0 |a Desarrollo económico y social   |9 256320 
650 0 |a Crecimiento económico   |9 314037 
650 0 |a Pobreza  |9 258652 
650 0 |a Países en desarrollo  |9 259663 
650 7 |a PAISES DESARROLLADOS  |2 CL-VaPUC  |9 338233 
650 7 |a DESARROLLO DE LA EDUCACION  |2 CL-VaPUC  |9 414941 
650 0 |a Desarrollo industrial  |9 322675 
650 0 |a Industrialización  |9 263687 
583 |a last modification  |c 19980709 00:00:00  |k Rodrigo Vera 
490 0 |a Ariel Quincenal, 72 
999 |c 272237  |d 272235 
952 |0 0  |1 0  |4 0  |6 338_900000000000000_GAL_1972  |7 0  |8 A  |9 307125  |a BIBENE  |b BIBENE  |d 2019-11-20  |i 1432435  |o 338.9 GAL 1972  |p 1432435  |r 2025-01-15  |w 2019-11-20  |y BK  |k ICO